000 00331nam a2200133Ia 4500
008 220204s9999 xx 000 0 und d
082 _a631.1
_bMIL
100 _aMiller, Audrey
245 0 _aSuccessful farm management
260 _aAustralia
_bPergamon
_c1973
650 _aFarm management
700 _aMiller, Ron
942 _cBK
999 _c24615
_d24615